Уникальные месторождения урана; Природа; № 3

Detaylı Bibliyografya
Parent link:Природа: естественно-научный журнал/ Российская Академия наук.— , 1912-.— 0032-874X
№ 3.— 2002.— с. 3-12
Yazar: Шарков А. А. Анатолий Антонович
Dil:Rusça
Baskı/Yayın Bilgisi: 2002
Konular:
Materyal Türü: MixedMaterials Kitap Bölümü
KOHA link:https://koha.lib.tpu.ru/cgi-bin/koha/opac-detail.pl?biblionumber=383679

MARC

LEADER 00000naa2a2200000 4500
001 383679
005 20231101063147.0
035 |a (RuTPU)RU\TPU\prd\9565 
090 |a 383679 
100 |a 20030106a2002 k y0rusy50 ca 
101 0 |a rus 
102 |a RU 
200 1 |a Уникальные месторождения урана  |f А. А. Шарков 
320 |a Библиогр.: 12 назв. 
461 1 |0 (RuTPU)RU\TPU\prd\304  |x 0032-874X  |t Природа  |o естественно-научный журнал  |f Российская Академия наук  |d 1912- 
463 1 |0 (RuTPU)RU\TPU\prd\72951  |t № 3  |v с. 3-12  |d 2002 
610 1 |a уран 
610 1 |a месторождения 
610 1 |a ихтиофауна 
610 1 |a костный детрит рыб 
610 1 |a органогенно-фосфатные месторождения 
610 1 |a палеогеография 
610 1 |a рудные залежи 
700 1 |a Шарков  |b А. А.  |g Анатолий Антонович 
801 1 |a RU  |b 63413507  |c 20030106  |g PSBO 
801 2 |a RU  |b 63413507  |c 20100119  |g RCR 
942 |c BK